00700nam a2200229 a 450000100060000000300080000600500170001400800410003102000180007202000150009003500190010503500210012404000460014504100080019108200150019924500790021430000290029350400510032265000220037365100440039570000310043973958BD-RjUL20211209082452.0130726s2013 ii b 001 0 eng d a9788177083514 a8177083511 a(BD-RjUL)74176 a(OCoLC)854608887 aBTCTAbengerdacBTCTAdCDXdDLCdBD-RjUL aeng04a327.5422300aForeign policy and maritime security of India :cedited by K.S. Pavithran. axiii, 317 pages ;c23 cm aIncludes bibliographical references and index. 0aSea-powerzIndia. 0aIndiaxForeign relationsy20th century.1 aPavithran, K. S.,eeditor.